| 000 | 00594nam a2200241Ia 4500 | ||
|---|---|---|---|
| 003 | OSt | ||
| 005 | 20250729101011.0 | ||
| 008 | 210210b2017 xxu||||| |||| 00| 0 eng d | ||
| 020 | _a9789350971413 | ||
| 040 |
_aAL _c |
||
| 041 | _aeng | ||
| 082 | _a651.7 RAIB | ||
| 100 |
_aUrmila Rai _935111 |
||
| 245 | _aBusiness communication Rev Ed 9 | ||
| 250 | _a9 | ||
| 260 |
_aMumbai _bHimalaya Publishing House _c2017 |
||
| 300 | _avi,426p | ||
| 650 |
_acommunication _935112 |
||
| 690 |
_aBusiness Communication _935114 |
||
| 700 |
_aRai S M _935115 |
||
| 906 | _a072182 | ||
| 942 |
_2ddc _cBK |
||
| 999 |
_c122064 _d122064 |
||